Normal view MARC view

Entry Personal Name

Number of records used in: 2

001 - CONTROL NUMBER

  • control field: 1307

003 - CONTROL NUMBER IDENTIFIER

  • control field: DLC

005 - DATE AND TIME OF LATEST TRANSACTION

  • control field: 20200118140243.0

008 - FIXED-LENGTH DATA ELEMENTS

  • fixed length control field: 830801n| azannaab |a aaa

010 ## - LIBRARY OF CONGRESS CONTROL NUMBER

  • LC control number: n 83129738

040 ## - CATALOGING SOURCE

  • Original cataloging agency: DLC
  • Language of cataloging: eng
  • Description conventions: rda
  • Transcribing agency: DLC
  • Modifying agency: DLC
  • Modifying agency: Uk
  • Modifying agency: DLC

100 1# - HEADING--PERSONAL NAME

  • Personal name: Jacobs, F. Robert

400 10 - SEE FROM TRACING--PERSONAL NAME

  • Personal name: Jacobs, Robert

670 ## - SOURCE DATA FOUND

  • Source citation: His Computer applications, 1983:
  • Information found: t.p. (F. Robert Jacobs)

670 ## - SOURCE DATA FOUND

  • Source citation: Hawgood, D. Business data processing, c1984:
  • Information found: CIP t.p. (Robert Jacobs) book t.p. (F. Robert Jacobs) 1st prelim. p. (Ph. D.; ass. prof., Grad. Sch. of Bus., Indiana Univ.)

Powered by Koha